00461 2200193 4500001002100000005001500021035002000036008004100056245003700097100001900134250000600153260003600159300001200195084001400207082000800221650001400229990001200243990001200255INLIS00000000000047320240430112241 a0010-0424000449240430 0 ind 1 aPembina Pramuka /cBudi Wahyanto aWahyanto, Budi a1 aKlaten :bIntan Pariwara,c2016 a178 hlm a369 BUD p a369 4aNon Fiksi a0728524 a0728525